[Event "XVIII. DBMM Schach"]
[Site "Altenberg OT Zinnwald"]
[Date "2018.11.10"]
[Round "5.1"]
[White "Tangermann, Erhard"]
[Black "Schulz, Michael"]
[Result "1/2-1/2"]
[WhiteElo "1741"]
[BlackElo "2247"]
[Annotator "ms"]
[PlyCount "120"]
[EventDate "2018.11.??"]
[EventType "team-swiss"]
[EventRounds "7"]
[EventCountry "GER"]
[WhiteTeam "Stern Ludwigsfelde"]
[BlackTeam "SV Osram Berlin"]
[WhiteTeamCountry "GER"]
[BlackTeamCountry "GER"]

1. Nf3 b5 2. g3 Bb7 3. Bg2 Nf6 4. d4 e6 5. O-O Be7 6. b3 O-O 7. Bb2 a5 8. a3 d6
9. c4 bxc4 10. bxc4 Nbd7 11. Nbd2 c5 12. e3 Qc7 13. Qc2 Rab8 14. Rfc1 Ne4 15.
Nxe4 Bxe4 16. Qxe4 Rxb2 17. Rab1 Nf6 18. Qd3 Rfb8 19. Nd2 a4 20. Rxb2 Rxb2 21.
Rb1 Qb6 22. Rxb2 Qxb2 23. Bc6 Qc1+ 24. Nf1 cxd4 25. exd4 d5 26. c5 Ne4 27. Bxa4
Qb2 28. Bc2 Bf6 29. Qa6 g6 30. Bxe4 Bxd4 31. Ne3 dxe4 32. Qa8+ Kg7 33. Qxe4
Qc1+ 34. Kg2 Qxc5 35. a4 e5 36. Qd3 Qc6+ 37. Kg1 Qxa4 38. Nc2 Qa7 39. Nxd4 Qxd4
40. Qa3 h5 41. h4 Qd1+ 42. Kg2 Qd5+ 43. Kg1 Qe6 44. Qc3 f6 45. Qc7+ Qf7 46. Qc6
Qe7 47. Qb6 f5 48. Qb2 Kh7 49. Qd2 e4 50. Qf4 Qd7 51. Kg2 Qc6 52. Kg1 Kg7 53.
Qe5+ Kf7 54. Qf4 Ke6 55. Qd2 Qd5 56. Qf4 Qd6 57. Qe3 Qd1+ 58. Kg2 Kd5 59. Qg5
Qf3+ 60. Kg1 Qd1+ 1/2-1/2

[Event "XVIII. DBMM Schach"]
[Site "Altenberg OT Zinnwald"]
[Date "2018.11.10"]
[Round "5.2"]
[White "Jaehnisch, Frank"]
[Black "Grandt, Bernd"]
[Result "1/2-1/2"]
[WhiteElo "2244"]
[BlackElo "1978"]
[Annotator "br"]
[PlyCount "51"]
[EventDate "2018.11.??"]
[EventType "team-swiss"]
[EventRounds "7"]
[EventCountry "GER"]
[SourceTitle "XVIII. DBMM 2018"]
[Source "FV Schach e.V."]
[SourceDate "2018.11.12"]
[SourceVersion "1"]
[SourceVersionDate "2018.11.12"]
[SourceQuality "1"]
[WhiteTeam "SV Osram Berlin"]
[BlackTeam "Stern Ludwigsfelde"]
[WhiteTeamCountry "GER"]
[BlackTeamCountry "GER"]

1. Nf3 Nf6 2. c4 g6 3. g3 Bg7 4. Bg2 O-O 5. O-O c6 6. Nc3 d6 7. d4 Qc7 8. b3 e5
9. Bb2 Nbd7 10. Qc2 Re8 11. Rac1 Nf8 12. Rfd1 Bf5 13. e4 Bg4 14. d5 c5 15. h3
Bxf3 16. Bxf3 Bh6 17. Rb1 Qd7 18. Bg2 Nh5 19. Qe2 Qe7 20. a3 Nd7 21. Kh2 Ng7
22. Bc1 Bxc1 23. Rdxc1 Rab8 24. b4 b6 25. Na4 Rec8 26. Bf1 1/2-1/2

[Event "XVIII. DBMM Schach"]
[Site "Altenberg OT Zinnwald"]
[Date "2018.11.10"]
[Round "5.4"]
[White "Mayer, Herbert"]
[Black "Bond, Oliver"]
[Result "1-0"]
[WhiteElo "1880"]
[BlackElo "1700"]
[Annotator "hm"]
[PlyCount "111"]
[EventDate "2018.11.??"]
[EventType "team-swiss"]
[EventRounds "7"]
[EventCountry "GER"]
[SourceTitle "XVIII. DBMM 2018"]
[Source "FV Schach e.V."]
[SourceDate "2018.11.12"]
[SourceVersion "1"]
[SourceVersionDate "2018.11.12"]
[SourceQuality "1"]
[WhiteTeam "SV Osram Berlin"]
[BlackTeam "Stern Ludwigsfelde"]
[WhiteTeamCountry "GER"]
[BlackTeamCountry "GER"]

1. f4 d5 2. b3 Nf6 3. e3 Nc6 4. Nf3 Bf5 5. Bb5 a6 6. Bxc6+ bxc6 7. Bb2 g6 8. d3
Bg7 9. Nbd2 O-O 10. Ne5 Bd7 11. O-O Qc8 12. Qe1 Re8 13. Ndf3 Ng4 14. h3 Nxe5
15. Nxe5 f6 16. Nxd7 Qxd7 17. e4 e5 18. f5 g5 19. Rf3 d4 20. Qe2 a5 21. a4 c5
22. Kf2 Qf7 23. Ba3 Bf8 24. g4 Ra6 25. Qd2 Rea8 26. h4 h6 27. Rh3 Qg7 28. Rah1
Kf7 29. c3 Rb6 30. cxd4 exd4 31. Qc2 Rc6 32. Bc1 Ke8 33. Qc4 Qf7 34. Qb5 Qd7
35. hxg5 fxg5 36. e5 Rb6 37. Qc4 Rd8 38. Bd2 Qd5 39. Bxa5 Rxb3 40. Bxc7 Rb2+
41. Ke1 Qxc4 42. dxc4 Rb1+ 43. Kd2 Rxh1 44. Rxh1 Rd7 45. Bb6 d3 46. Rh3 Rd4 47.
Rxd3 Rxg4 48. Rd5 Kf7 49. e6+ Kg7 50. Rd7+ Kg8 51. e7 Bxe7 52. Rxe7 Rxc4 53. a5
g4 54. f6 Ra4 55. Rg7+ Kh8 56. Rc7 1-0

[Event "XVIII. DBMM Schach"]
[Site "Altenberg OT Zinnwald"]
[Date "2018.11.10"]
[Round "5.1"]
[White "Hammes, Frank"]
[Black "Schroeder, Kai Uwe"]
[Result "1/2-1/2"]
[WhiteElo "2118"]
[BlackElo "1873"]
[Annotator "br"]
[PlyCount "31"]
[EventDate "2018.11.??"]
[EventType "team-swiss"]
[EventRounds "7"]
[EventCountry "GER"]
[SourceTitle "XVIII. DBMM 2018"]
[Source "FV Schach e.V."]
[SourceDate "2018.11.12"]
[SourceVersion "1"]
[SourceVersionDate "2018.11.12"]
[SourceQuality "1"]
[WhiteTeam "EFS Filtertechnik Erkrath"]
[BlackTeam "Baubehoerde Hamburg II"]
[WhiteTeamCountry "GER"]
[BlackTeamCountry "GER"]

1. c4 e6 2. g3 d5 3. Bg2 Nf6 4. d4 c6 5. Nf3 Nbd7 6. Nbd2 Be7 7. O-O O-O 8. Qc2
Re8 9. e4 Nf8 10. b3 b6 11. Ne5 Bb7 12. Bb2 Rc8 13. Rad1 Qc7 14. Rfe1 c5 15.
exd5 exd5 16. Ndf3 1/2-1/2

[Event "XVIII. DBMM Schach"]
[Site "Altenberg OT Zinnwald"]
[Date "2018.11.10"]
[Round "5.2"]
[White "Hartmann, Jens"]
[Black "Juziak, Peter"]
[Result "0-1"]
[WhiteElo "1839"]
[BlackElo "2054"]
[Annotator "br"]
[PlyCount "76"]
[EventDate "2018.11.??"]
[EventType "team-swiss"]
[EventRounds "7"]
[EventCountry "GER"]
[SourceTitle "XVIII. DBMM 2018"]
[Source "FV Schach e.V."]
[SourceDate "2018.11.12"]
[SourceVersion "1"]
[SourceVersionDate "2018.11.12"]
[SourceQuality "1"]
[WhiteTeam "Baubehoerde Hamburg II"]
[BlackTeam "EFS Filtertechnik Erkrath"]
[WhiteTeamCountry "GER"]
[BlackTeamCountry "GER"]

1. e4 c5 2. Nf3 e6 3. Be2 Nc6 4. b3 Nf6 5. d3 d5 6. exd5 Nxd5 7. Bb2 Be7 8. O-O
O-O 9. Nbd2 Nf4 10. Ne1 Nxe2+ 11. Qxe2 b6 12. Ne4 Nd4 13. Bxd4 cxd4 14. a4 Bb7
15. Nf3 Rc8 16. Rfc1 Rc7 17. Nfd2 Qd5 18. f3 f5 19. Ng3 Bg5 20. Ngf1 Rfc8 21.
Ra2 e5 22. Ng3 g6 23. Qd1 h5 24. h3 h4 25. Ngf1 Bf4 26. Rb1 g5 27. Nh2 Rg7 28.
Nc4 g4 29. c3 gxh3 30. Rbb2 dxc3 31. Rc2 Rc6 32. Qe1 Rcg6 33. Qxc3 hxg2 34.
Rxg2 h3 35. Rxg6 Rxg6+ 36. Kf1 Bxh2 37. Rxh2 Qxf3+ 38. Rf2 Rg1+ 0-1

[Event "XVIII. DBMM Schach"]
[Site "Altenberg OT Zinnwald"]
[Date "2018.11.10"]
[Round "5.3"]
[White "De Leroy, Babs"]
[Black "Raum, Norbert"]
[Result "1-0"]
[WhiteElo "1717"]
[BlackElo "1842"]
[Annotator "br"]
[PlyCount "93"]
[EventDate "2018.11.??"]
[EventType "team-swiss"]
[EventRounds "7"]
[EventCountry "GER"]
[SourceTitle "XVIII. DBMM 2018"]
[Source "FV Schach e.V."]
[SourceDate "2018.11.12"]
[SourceVersion "1"]
[SourceVersionDate "2018.11.12"]
[SourceQuality "1"]
[WhiteTeam "EFS Filtertechnik Erkrath"]
[BlackTeam "Baubehoerde Hamburg II"]
[WhiteTeamCountry "GER"]
[BlackTeamCountry "GER"]

1. d4 Nf6 2. c4 e6 3. g3 Bb4+ 4. Bd2 Be7 5. Bg2 d5 6. Nc3 O-O 7. e3 c6 8. Nf3
Nbd7 9. b3 Ne4 10. Nxe4 dxe4 11. Ng1 f5 12. Ne2 e5 13. Bc3 Bf6 14. d5 Nb6 15.
dxc6 bxc6 16. O-O Bb7 17. Bb4 Be7 18. Qxd8 Bxd8 19. Bxf8 Kxf8 20. Nc3 Be7 21.
Rfd1 Kf7 22. a3 Ke6 23. Bh3 Kf6 24. Ra2 g5 25. Bf1 h5 26. b4 g4 27. c5 Nd5 28.
Rc2 Rc8 29. Bc4 Nxc3 30. Rxc3 Rc7 31. Kg2 Bc8 32. Rcc1 Kg5 33. Re1 h4 34. gxh4+
Kxh4 35. Rh1 f4 36. Rhe1 Bf5 37. Ba2 Rd7 38. Rcd1 Rd3 39. Rxd3 exd3 40. exf4 d2
41. Rd1 exf4 42. Rxd2 Bg5 43. Rd6 Be4+ 44. Kg1 g3 45. hxg3+ fxg3 46. Rd4 gxf2+
47. Kxf2 1-0

[Event "XVIII. DBMM Schach"]
[Site "Altenberg OT Zinnwald"]
[Date "2018.11.10"]
[Round "5.4"]
[White "Hoffeins, Hans Werner"]
[Black "Hartig, Uwe"]
[Result "0-1"]
[WhiteElo "1542"]
[BlackElo "1989"]
[Annotator "br"]
[PlyCount "38"]
[EventDate "2018.11.??"]
[EventType "team-swiss"]
[EventRounds "7"]
[EventCountry "GER"]
[SourceTitle "XVIII. DBMM 2018"]
[Source "FV Schach e.V."]
[SourceDate "2018.11.12"]
[SourceVersion "1"]
[SourceVersionDate "2018.11.12"]
[SourceQuality "1"]
[WhiteTeam "Baubehoerde Hamburg II"]
[BlackTeam "EFS Filtertechnik Erkrath"]
[WhiteTeamCountry "GER"]
[BlackTeamCountry "GER"]

1. Nf3 d6 2. g3 e5 3. d3 Nc6 4. Bg2 Be7 5. c3 Be6 6. e4 Qd7 7. Qe2 Bh3 8. Qf1
Bxg2 9. Qxg2 d5 10. O-O Nf6 11. Nfd2 O-O 12. exd5 Nxd5 13. Nf3 Rad8 14. Nbd2
Nb6 15. Ne1 a5 16. a3 Na4 17. Ndf3 Nc5 18. d4 Nb3 19. Rb1 Qf5 0-1

[Event "XVIII. DBMM Schach"]
[Site "Altenberg OT Zinnwald"]
[Date "2018.11.10"]
[Round "5.1"]
[White "Bumes, Konrad"]
[Black "Blum, Norbert"]
[Result "1-0"]
[WhiteElo "1949"]
[BlackElo "1956"]
[Annotator "br"]
[PlyCount "87"]
[EventDate "2018.11.??"]
[EventType "team-swiss"]
[EventRounds "7"]
[EventCountry "GER"]
[SourceTitle "XVIII. DBMM 2018"]
[Source "FV Schach e.V."]
[SourceDate "2018.11.12"]
[SourceVersion "1"]
[SourceVersionDate "2018.11.12"]
[SourceQuality "1"]
[WhiteTeam "Europaeisches Patentamt Muenchen II"]
[BlackTeam "Sparkassen-Vers. Stuttgart"]
[WhiteTeamCountry "GER"]
[BlackTeamCountry "GER"]

1. d4 Nf6 2. Nf3 g6 3. Bf4 Bg7 4. e3 O-O 5. Nbd2 d5 6. Bd3 c5 7. c3 Qb6 8. Rb1
Nc6 9. O-O Nh5 10. Bg5 f6 11. Bh4 cxd4 12. Nxd4 e5 13. Nc2 f5 14. Be2 Nf6 15.
Nb3 Be6 16. Kh1 a5 17. f4 a4 18. Nd2 Ne4 19. fxe5 Bxe5 20. Nd4 Nxd4 21. exd4
Nxd2 $11 22. Qxd2 Bg7 23. Bf3 Rae8 24. Rbe1 Qb5 25. Rf2 Bf7 26. Be7 Rxe7 27.
Rxe7 Bf6 28. Re1 Kg7 29. Be2 Qc6 30. Bd3 h6 31. Qe2 Re8 32. Qf1 Rxe1 33. Qxe1
b5 34. a3 Be8 35. Qe2 Bd7 36. Rf1 Qb7 37. Re1 Kf7 38. Qc2 Bc6 39. g4 fxg4 40.
Bxg6+ Kg8 41. Qf5 Bg5 42. Rf1 Qe7 43. Bf7+ Kg7 44. Qg6+ 1-0

[Event "XVIII. DBMM Schach"]
[Site "Altenberg OT Zinnwald"]
[Date "2018.11.10"]
[Round "5.2"]
[White "Bischoff, Ulrich"]
[Black "Lange, Ronny"]
[Result "0-1"]
[WhiteElo "2050"]
[BlackElo "1800"]
[Annotator "br"]
[PlyCount "76"]
[EventDate "2018.11.??"]
[EventType "team-swiss"]
[EventRounds "7"]
[EventCountry "GER"]
[SourceTitle "XVIII. DBMM 2018"]
[Source "FV Schach e.V."]
[SourceDate "2018.11.12"]
[SourceVersion "1"]
[SourceVersionDate "2018.11.12"]
[SourceQuality "1"]
[WhiteTeam "Sparkassen-Vers. Stuttgart"]
[BlackTeam "Europaeisches Patentamt Muenchen II"]
[WhiteTeamCountry "GER"]
[BlackTeamCountry "GER"]

1. d4 Nf6 2. Nf3 d5 3. c4 e6 4. g3 Be7 5. Bg2 O-O 6. O-O c6 7. Qc2 Na6 8. a3
Nc7 9. Bf4 a5 10. Rd1 Ne4 11. Nbd2 f5 12. Nxe4 fxe4 13. Ne5 Bg5 14. e3 Be7 15.
h4 Bd7 16. f3 exf3 17. Bxf3 Be8 18. Kg2 dxc4 19. Be4 g6 20. Bh6 Nd5 21. Bxd5
cxd5 22. Bxf8 Bxf8 23. Rf1 Bg7 24. Qf2 Qc7 25. Qf4 Qe7 26. Rf2 b5 27. Raf1 b4
28. axb4 axb4 29. Ng4 c3 30. bxc3 bxc3 31. Rc1 Rc8 32. Rfc2 h5 33. Ne5 Qb7 34.
Kh3 Ba4 35. Rxc3 Rxc3 36. Rxc3 Qb1 37. Rc8+ Kh7 38. Kg2 Bc2 0-1

[Event "XVIII. DBMM Schach"]
[Site "Altenberg OT Zinnwald"]
[Date "2018.11.10"]
[Round "5.3"]
[White "Santos, Paulo"]
[Black "Marten, Gero"]
[Result "1/2-1/2"]
[WhiteElo "1823"]
[BlackElo "2008"]
[Annotator "br"]
[PlyCount "81"]
[EventDate "2018.11.??"]
[EventType "team-swiss"]
[EventRounds "7"]
[EventCountry "GER"]
[SourceTitle "XVIII. DBMM 2018"]
[Source "FV Schach e.V."]
[SourceDate "2018.11.12"]
[SourceVersion "1"]
[SourceVersionDate "2018.11.12"]
[SourceQuality "1"]
[WhiteTeam "Europaeisches Patentamt Muenchen II"]
[BlackTeam "Sparkassen-Vers. Stuttgart"]
[WhiteTeamCountry "GER"]
[BlackTeamCountry "GER"]

1. e4 c5 2. Nc3 Nc6 3. g3 g6 4. Bg2 Bg7 5. d3 d6 6. f4 e6 7. Nf3 Nge7 8. O-O
O-O 9. Be3 Nd4 10. e5 Nxf3+ 11. Qxf3 Nf5 12. Bf2 Nd4 13. Qd1 d5 14. Ne2 Nxe2+
15. Qxe2 b6 16. c3 Rb8 17. d4 c4 18. g4 b5 19. a3 a5 20. Bg3 b4 21. axb4 axb4
22. Rfb1 Qb6 23. Qc2 Bd7 24. Bh3 Ra8 25. Be1 f6 26. Rxa8 Rxa8 27. Qf2 fxe5 28.
fxe5 bxc3 29. Bxc3 Rf8 30. Qe3 g5 31. Rf1 Rxf1+ 32. Kxf1 h6 33. Bg2 Bf8 34. Qf2
Be7 35. Bf3 Qb3 36. Qd2 Ba4 37. Ke1 Qc2 38. Qxc2 Bxc2 39. Bd1 Be4 40. Kf2 Kf7
41. b3 1/2-1/2

[Event "XVIII. DBMM Schach"]
[Site "Altenberg OT Zinnwald"]
[Date "2018.11.10"]
[Round "5.4"]
[White "Seifert, Martin"]
[Black "Achermann, Didier"]
[Result "1-0"]
[WhiteElo "1995"]
[BlackElo "1785"]
[Annotator "br"]
[PlyCount "89"]
[EventDate "2018.11.??"]
[EventType "team-swiss"]
[EventRounds "7"]
[EventCountry "GER"]
[SourceTitle "XVIII. DBMM 2018"]
[Source "FV Schach e.V."]
[SourceDate "2018.11.12"]
[SourceVersion "1"]
[SourceVersionDate "2018.11.12"]
[SourceQuality "1"]
[WhiteTeam "Sparkassen-Vers. Stuttgart"]
[BlackTeam "Europaeisches Patentamt Muenchen II"]
[WhiteTeamCountry "GER"]
[BlackTeamCountry "GER"]

1. e4 c5 2. Nf3 d6 3. d4 cxd4 4. Nxd4 Nf6 5. Nc3 a6 6. Be2 e6 7. Be3 Be7 8. O-O
O-O 9. f4 Nbd7 10. Bf3 e5 11. Nf5 exf4 12. Bxf4 Ne5 13. Nxe7+ Qxe7 14. Bg5 Be6
15. Be2 Ned7 16. Qd4 Rac8 17. Rad1 Rc5 18. Bxf6 Nxf6 19. Qxd6 Qxd6 20. Rxd6
Rxc3 21. bxc3 Nxe4 22. Rb6 Nxc3 23. Bd3 Bd5 24. a3 Rc8 25. Rd6 h6 26. Rd7 Kf8
27. Bg6 Ke8 28. Rxd5 fxg6 29. Re1+ Kf8 30. Rd7 Nb5 31. Ree7 Nxa3 32. Rf7+ Kg8
33. Rxg7+ Kh8 34. Rh7+ Kg8 35. Rdg7+ Kf8 36. Rxb7 Kg8 37. Rbg7+ Kf8 38. Rxg6
Rxc2 39. Rxa6 Kg8 40. Rb7 Rc1+ 41. Kf2 Rc2+ 42. Kf3 Rc3+ 43. Kf4 Rc4+ 44. Kf5
Rc5+ 45. Ke6 1-0

[Event "XVIII. DBMM Schach"]
[Site "Altenberg OT Zinnwald"]
[Date "2018.11.10"]
[Round "5.1"]
[White "Kraemer, Sigfried"]
[Black "Koerlin, Hans Juergen"]
[Result "1/2-1/2"]
[WhiteElo "2146"]
[BlackElo "1878"]
[Annotator "br"]
[PlyCount "51"]
[EventDate "2018.11.??"]
[EventType "team-swiss"]
[EventRounds "7"]
[EventCountry "GER"]
[SourceTitle "XVIII. DBMM 2018"]
[Source "FV Schach e.V."]
[SourceDate "2018.11.12"]
[SourceVersion "1"]
[SourceVersionDate "2018.11.12"]
[SourceQuality "1"]
[WhiteTeam "SG Stern Stuttgart"]
[BlackTeam "BA Tempelhof Berlin II"]
[WhiteTeamCountry "GER"]
[BlackTeamCountry "GER"]

1. d4 Nf6 2. c4 d6 3. Nc3 e5 4. d5 Nbd7 5. e4 Nc5 6. Qc2 a5 7. Be3 Be7 8. Nge2
O-O 9. h3 Ne8 10. g4 Bg5 11. Qd2 Bxe3 12. Qxe3 Bd7 13. Ng3 g6 14. Be2 Qf6 15.
O-O-O Qf4 16. Qxf4 exf4 17. Nf1 Nf6 18. Bd3 Rfb8 19. Bb1 b5 20. Nd2 a4 21. Rhe1
b4 22. Ne2 g5 23. Nd4 Re8 24. Re2 Kg7 25. Rde1 h5 26. f3 1/2-1/2

[Event "XVIII. DBMM Schach"]
[Site "Altenberg OT Zinnwald"]
[Date "2018.11.10"]
[Round "5.2"]
[White "Glienke, Michael"]
[Black "Bangert, Udo"]
[Result "1/2-1/2"]
[WhiteElo "1667"]
[BlackElo "1893"]
[Annotator "br"]
[PlyCount "205"]
[EventDate "2018.11.??"]
[EventType "team-swiss"]
[EventRounds "7"]
[EventCountry "GER"]
[SourceTitle "XVIII. DBMM 2018"]
[Source "FV Schach e.V."]
[SourceDate "2018.11.12"]
[SourceVersion "1"]
[SourceVersionDate "2018.11.12"]
[SourceQuality "1"]
[WhiteTeam "BA Tempelhof Berlin II"]
[BlackTeam "SG Stern Stuttgart"]
[WhiteTeamCountry "GER"]
[BlackTeamCountry "GER"]

1. d4 Nf6 2. Bf4 d6 3. c4 Nbd7 4. Nf3 e6 5. Nc3 Qe7 6. e4 e5 7. dxe5 dxe5 8.
Bg5 c6 9. Bd3 g6 10. O-O Bg7 11. a3 a5 12. Qc2 O-O 13. Rab1 h6 14. Bh4 g5 15.
Bg3 Nh5 16. Ne2 Nf4 17. Rfd1 Nc5 18. Bxf4 exf4 19. b4 axb4 20. axb4 Nxd3 21.
Qxd3 Bg4 22. Qd6 Qxe4 23. Ned4 Rad8 24. Qc5 Bxd4 25. Nxd4 Bxd1 26. Rxd1 Rfe8
27. h3 Re5 28. Qb6 Ree8 29. Kh2 Rd7 30. b5 Rc8 31. f3 Qe3 32. bxc6 bxc6 33. Qa6
Qe8 34. Qa1 Qe5 35. Qa6 Rdc7 36. Nb3 Kg7 37. c5 Rb8 38. Qd3 Rb5 39. Nd2 Rxc5
40. Ne4 Rd5 41. Qb3 Rxd1 42. Qxd1 c5 43. Qc2 c4 44. Nf2 f5 45. Nd1 Kg6 46. Kg1
Qd4+ 47. Nf2 Ra7 48. Kh2 Ra1 49. Qe2 Kf6 50. Qe8 Ra7 51. Qh8+ Rg7 52. Qxh6+ Kf7
53. Qc6 Qxf2 54. Qxc4+ Kg6 55. Qe6+ Kh5 56. Qe8+ Rg6 57. Qh8+ Rh6 58. Qf8 Qb6
59. Qxf5 Qe6 60. Qf8 Kh4 61. Qc5 Qd6 62. Qf2+ Kh5 63. Qa2 Qe6 64. Qa8 Rh7 65.
Qb8 Qf5 66. Qe8+ Rf7 67. Qh8+ Qh7 68. Qc3 Rc7 69. Qb2 Rb7 70. Qe5 Re7 71. Qc3
Qg7 72. Qc8 Qd4 73. Qg8 Qe5 74. Qc8 Kg6 75. Qc2+ Kf6 76. Qc8 Qc7 77. Qg8 Re5
78. Qf8+ Ke6 79. Qb4 Qc5 80. Qb3+ Kd6 81. Qd3+ Kc6 82. Qg6+ Kb5 83. Qd3+ Kb4
84. Qb1+ Kc3 85. Qc1+ Kd4 86. Qd2+ Kc4 87. Qc2+ Kd5 88. Qd3+ Qd4 89. Qb5+ Ke6
90. Qc6+ Kf5 91. Qc8+ Re6 92. Qf8+ Qf6 93. Qc5+ Kg6 94. Qc2+ Qf5 95. Qc8 Kh5
96. Qh8+ Rh6 97. Qe8+ Kh4 98. Qe1+ Kh5 99. Qe8+ Qg6 100. Qd7 Qe6 101. Qd4 Qe1
102. Qa7 Qg3+ 103. Kg1 1/2-1/2

[Event "XVIII. DBMM Schach"]
[Site "Altenberg OT Zinnwald"]
[Date "2018.11.10"]
[Round "5.3"]
[White "Wepfer, Bernd"]
[Black "Meseck, Michael"]
[Result "1/2-1/2"]
[WhiteElo "1831"]
[BlackElo "1545"]
[Annotator "br"]
[PlyCount "47"]
[EventDate "2018.11.??"]
[EventType "team-swiss"]
[EventRounds "7"]
[EventCountry "GER"]
[SourceTitle "XVIII. DBMM 2018"]
[Source "FV Schach e.V."]
[SourceDate "2018.11.12"]
[SourceVersion "1"]
[SourceVersionDate "2018.11.12"]
[SourceQuality "1"]
[WhiteTeam "SG Stern Stuttgart"]
[BlackTeam "BA Tempelhof Berlin II"]
[WhiteTeamCountry "GER"]
[BlackTeamCountry "GER"]

1. g3 d5 2. Bg2 Nf6 3. Nf3 e6 4. O-O b6 5. c4 Bb7 6. b3 Be7 7. Bb2 O-O 8. d3 c5
9. Nbd2 d4 10. b4 Nbd7 11. bxc5 bxc5 12. Qc2 Qc7 13. Rfb1 Rab8 14. Bc1 Bc6 15.
Rxb8 Rxb8 16. Rb1 Nb6 17. Ng5 Re8 18. Bxc6 Qxc6 19. Nge4 Nxe4 20. Nxe4 f5 21.
Ng5 e5 22. Nf3 Bd6 23. Ne1 f4 24. f3 1/2-1/2

[Event "XVIII. DBMM Schach"]
[Site "Altenberg OT Zinnwald"]
[Date "2018.11.10"]
[Round "5.4"]
[White "Frahm, Werner"]
[Black "Molzan, Andreas"]
[Result "1/2-1/2"]
[WhiteElo "1547"]
[BlackElo "1256"]
[Annotator "br"]
[PlyCount "51"]
[EventDate "2018.11.??"]
[EventType "team-swiss"]
[EventRounds "7"]
[EventCountry "GER"]
[SourceTitle "XVIII. DBMM 2018"]
[Source "FV Schach e.V."]
[SourceDate "2018.11.12"]
[SourceVersion "1"]
[SourceVersionDate "2018.11.12"]
[SourceQuality "1"]
[WhiteTeam "BA Tempelhof Berlin II"]
[BlackTeam "SG Stern Stuttgart"]
[WhiteTeamCountry "GER"]
[BlackTeamCountry "GER"]

1. Nf3 Nc6 2. g3 e5 3. e4 Nf6 4. Bg2 Bc5 5. d3 d6 6. O-O Bg4 7. Nbd2 Qd7 8. Re1
O-O-O 9. Nb3 Bb6 10. Be3 Bxe3 11. fxe3 h5 12. Qd2 Bxf3 13. Bxf3 h4 14. Qg2 hxg3
15. hxg3 Rh6 16. Kf2 Ng4+ 17. Bxg4 Qxg4 18. Rh1 Rdh8 19. Rxh6 Rxh6 20. Rh1 Qg5
21. Rxh6 Qxh6 22. c3 Ne7 23. Nd2 g6 24. Nf1 f5 25. Kg1 Kd7 26. Qf3 1/2-1/2

[Event "XVIII. DBMM Schach"]
[Site "Altenberg OT Zinnwald"]
[Date "2018.11.10"]
[Round "5.1"]
[White "Schmidt, Gerhard"]
[Black "Wolf, Wilfried"]
[Result "1-0"]
[WhiteElo "2040"]
[BlackElo "1515"]
[Annotator "br"]
[PlyCount "109"]
[EventDate "2018.11.??"]
[EventType "team-swiss"]
[EventRounds "7"]
[EventCountry "GER"]
[SourceTitle "XVIII. DBMM 2018"]
[Source "FV Schach e.V."]
[SourceDate "2018.11.12"]
[SourceVersion "1"]
[SourceVersionDate "2018.11.12"]
[SourceQuality "1"]
[WhiteTeam "Europark Altenberg/SV St.2"]
[BlackTeam "BA Tempelhof Berlin IV"]
[WhiteTeamCountry "GER"]
[BlackTeamCountry "GER"]

1. e4 e5 2. Nf3 d6 3. d4 exd4 4. Nxd4 Nf6 5. Nc3 a6 6. Be2 Be7 7. O-O O-O 8.
Bf4 Bd7 9. Qd3 Nc6 10. Nxc6 Bxc6 11. Rad1 Nd7 12. Nd5 Nc5 13. Qe3 Ne6 14. Bg3
Re8 15. Nxe7+ Qxe7 16. Bc4 Nc5 17. f3 Nd7 18. Rd2 Nb6 19. Bb3 Rad8 20. Rfd1 Rd7
21. Bxd6 cxd6 22. Qxb6 Red8 23. Qd4 Qe5 24. Qxe5 dxe5 25. Rxd7 Rxd7 26. Rxd7
Bxd7 27. Kf2 Kf8 28. Ke3 Ke7 29. Bd5 b6 30. b4 f6 31. c4 Kd6 32. a3 g5 33. g3
h6 34. f4 Be8 35. fxe5+ Kxe5 36. Bb7 a5 37. c5 axb4 38. axb4 bxc5 39. bxc5 Bb5
40. Kd2 Ba4 41. Kc3 Be8 42. Kb4 h5 43. c6 Kd6 44. Kb5 Kc7 45. Kc5 Bf7 46. Ba6
Be6 47. Be2 h4 48. Bh5 hxg3 49. hxg3 Bg8 50. Bg6 Ba2 51. Be8 Bb3 52. Kd4 Be6
53. e5 fxe5+ 54. Kxe5 Bc8 55. Kf6 {Rest unleserlich.} 1-0

[Event "XVIII. DBMM Schach"]
[Site "Altenberg OT Zinnwald"]
[Date "2018.11.10"]
[Round "5.2"]
[White "Schneider, Eckehard"]
[Black "Wirth, Volker"]
[Result "1-0"]
[WhiteElo "1733"]
[BlackElo "1753"]
[Annotator "br"]
[PlyCount "33"]
[EventDate "2018.11.??"]
[EventType "team-swiss"]
[EventRounds "7"]
[EventCountry "GER"]
[SourceTitle "XVIII. DBMM 2018"]
[Source "FV Schach e.V."]
[SourceDate "2018.11.12"]
[SourceVersion "1"]
[SourceVersionDate "2018.11.12"]
[SourceQuality "1"]
[WhiteTeam "BA Tempelhof Berlin IV"]
[BlackTeam "Europark Altenberg/SV St.2"]
[WhiteTeamCountry "GER"]
[BlackTeamCountry "GER"]

1. e4 c5 2. c3 d5 3. exd5 Qxd5 4. d4 cxd4 5. cxd4 Nc6 6. Nf3 Bg4 7. Nc3 Qa5 8.
Be2 e6 9. O-O a6 10. Qb3 Qb4 11. Qd1 Rd8 12. a3 Qd6 13. Qb3 Qc7 14. d5 Nb8 15.
Qa4+ b5 16. Qxg4 exd5 17. Re1 1-0

[Event "XVIII. DBMM Schach"]
[Site "Altenberg OT Zinnwald"]
[Date "2018.11.10"]
[Round "5.3"]
[White "Bussler, Juergen"]
[Black "Mueller, Stefan"]
[Result "1/2-1/2"]
[WhiteElo "1909"]
[BlackElo "1786"]
[Annotator "br"]
[PlyCount "49"]
[EventDate "2018.11.??"]
[EventType "team-swiss"]
[EventRounds "7"]
[EventCountry "GER"]
[SourceTitle "XVIII. DBMM 2018"]
[Source "FV Schach e.V."]
[SourceDate "2018.11.12"]
[SourceVersion "1"]
[SourceVersionDate "2018.11.12"]
[SourceQuality "1"]
[WhiteTeam "Europark Altenberg/SV St.2"]
[BlackTeam "BA Tempelhof Berlin IV"]
[WhiteTeamCountry "GER"]
[BlackTeamCountry "GER"]

1. c4 c5 2. Nc3 Nc6 3. g3 Nf6 4. Bg2 g6 5. e3 Bg7 6. Nge2 O-O 7. O-O e6 8. e4
a6 9. d3 d6 10. Be3 Rb8 11. d4 Ng4 12. Qd2 Nxe3 13. fxe3 cxd4 14. exd4 Nxd4 15.
Nxd4 Qb6 16. Rad1 e5 17. Nd5 Qxd4+ 18. Qxd4 exd4 19. Nf6+ Bxf6 20. Rxf6 Be6 21.
Rxd4 Rfd8 22. b3 b5 23. cxb5 axb5 24. Rf2 Kf8 25. Rfd2 1/2-1/2